| 000 | 00620nam a22002057a 4500 | ||
|---|---|---|---|
| 005 | 20251108172024.0 | ||
| 008 | 250721s1981 xx 000 0 ara d | ||
| 082 | 1 | 4 | _a812.962/دير |
| 100 | 1 | _aديرنمات، فريدريش | |
| 245 | 1 | 0 |
_aكلهم سقطوا : _b3 مسرحيات عالمية / |
| 264 | 1 |
_aالقاهرة : _bدار المعارف، _c1981. |
|
| 300 | _a381ص | ||
| 650 | 1 | 7 | _aالمسرحية العربية |
| 650 | 1 | 7 | _aمصر |
| 700 | 1 | _aميللر، آرثر | |
| 700 | 1 | _aجيرودو، جان | |
| 700 | 1 |
_aمنصور، أنيس _eترجمة |
|
| 942 |
_2ddc _cBK |
||
| 999 |
_c68494 _d68494 |
||